[Event "Pardubice op rap 24th"]
[Site "Pardubice"]
[Date "2013.07.18"]
[Round "7"]
[White "Akots, Gabor"]
[Black "Sirkova, Darena"]
[Result "1-0"]
[WhiteElo "2255"]
[BlackElo "1986"]
[PlyCount "35"]
[EventDate "2013.07.17"]
[EventType "swiss (rapid)"]
[EventRounds "9"]
[EventCountry "CZE"]
[SourceTitle "CBM 155 Extra"]
[Source "ChessBase"]
[SourceDate "2013.08.26"]
[SourceVersion "1"]
[SourceVersionDate "2013.08.26"]
[SourceQuality "1"]

1. d4 Nf6 2. c4 c5 3. d5 b5 4. cxb5 a6 5. e3 Bb7 6. Nc3 e6 7. e4 axb5 8. Bxb5 Qa5 9. Bd2 Nxe4 10. Bxd7+ Nxd7 11. Nxe4 Qb5 12. dxe6 fxe6 13. Nc3 Qd3 14. Nf3 Bd6 15. Be3 Qg6 16. Qxd6 Qxg2 17. 0-0-0 0-0-0 18. Nb5 1-0

[Event "BUL-ch (Women) 62nd"]
[Site "Bankia"]
[Date "2013.04.24"]
[Round "8"]
[White "Salimova, Nurgyul"]
[Black "Sirkova, Darena"]
[Result "1/2-1/2"]
[WhiteElo "1857"]
[BlackElo "1977"]
[PlyCount "140"]
[EventDate "2013.04.17"]
[EventType "tourn"]
[EventRounds "9"]
[EventCountry "BUL"]
[SourceTitle "CBM 154 Extra"]
[Source "ChessBase"]
[SourceDate "2013.06.25"]
[SourceVersion "2"]
[SourceVersionDate "2013.06.25"]
[SourceQuality "1"]

1. d4 Nf6 2. c4 c5 3. d5 b5 4. cxb5 a6 5. bxa6 g6 6. Nc3 Bxa6 7. g3 d6 8. Bh3 Bg7 9. Nf3 0-0 10. 0-0 Nbd7 11. Re1 c4 12. e4 Ne8 13. Nd4 Nc5 14. Nc6 Qc7 15. Bf1 Nf6 16. e5 dxe5 17. Rxe5 e6 18. Re1 Rfe8 19. Nb4 Rad8 20. Nxa6 Nxa6 21. Qa4 Nc5 22. Qxc4 Nxd5 23. Nxd5 exd5 24. Rxe8+ Rxe8 25. Qxd5 Na4 26. Bf4 Qa7 27. Qb5 Re7 28. Rc1 Bd4 29. Rc2 Kg7 30. Qg5 Re8 31. Qb5 Re1 32. Qb4 Re6 33. b3 Nb2 34. Bb8 Qd7 35. Qd2 Nd1 36. Rc7 Qd8 37. Kg2 Nxf2 38. Bc4 Rf6 39. Rxf7+ Kh8 40. Rxf6 Qxf6 41. Qf4 Qc6+ 42. Qf3 Qc8 43. Qxf2 Qb7+ 44. Qf3 Qxb8 45. Qd5 Ba7 46. a4 Kg7 47. Qf7+ Kh6 48. Qf4+ Kg7 49. Qxb8 Bxb8 50. b4 Kf6 51. a5 Ke5 52. b5 Kd6 53. Kf3 Kc5 54. b6 Kc6 55. Ke4 Bd6 56. Bd5+ Kb5 57. b7 Kxa5 58. Bg8 h6 59. Kd5 Bb8 60. Ke6 Kb6 61. Kf6 Kxb7 62. Kxg6 Kc6 63. Kxh6 Kd7 64. Kg6 Ke7 65. Ba2 Kf8 66. Kf6 Bc7 67. Kg6 Bb8 68. Kh7 Bc7 69. g4 Bxh2 70. g5 Be5 1/2-1/2

[Event "BUL-ch (Women) 62nd"]
[Site "Bankia"]
[Date "2013.04.22"]
[Round "6"]
[White "Voiska, Margarita"]
[Black "Sirkova, Darena"]
[Result "1-0"]
[WhiteElo "2285"]
[BlackElo "1977"]
[PlyCount "87"]
[EventDate "2013.04.17"]
[EventType "tourn"]
[EventRounds "9"]
[EventCountry "BUL"]
[SourceTitle "CBM 154 Extra"]
[Source "ChessBase"]
[SourceDate "2013.06.25"]
[SourceVersion "2"]
[SourceVersionDate "2013.06.25"]
[SourceQuality "1"]

1. d4 Nf6 2. g3 c5 3. d5 b5 4. Bg2 d6 5. e4 b4 6. Nd2 Nbd7 7. Ngf3 Ba6 8. Bf1 Bxf1 9. Kxf1 g6 10. Kg2 Bg7 11. Re1 Nb6 12. a4 a5 13. Qe2 Qd7 14. Nc4 Nxc4 15. Qxc4 0-0 16. Bg5 e5 17. Bxf6 Bxf6 18. c3 Rab8 19. Qd3 bxc3 20. bxc3 h5 21. Nd2 h4 22. Nc4 Qc7 23. Rab1 Kg7 24. Rxb8 Rxb8 25. Rb1 Rxb1 26. Qxb1 Qd7 27. Qb5 h3+ 28. Kf3 Qd8 29. Qc6 Qh8 30. Nxd6 Be7 31. Ne8+ Kf8 32. Qc8 Qh5+ 33. g4 Qh6 34. Nf6+ Kg7 35. g5 Qh8 36. Qxh8+ Kxh8 37. Nd7 Bxg5 38. Nxe5 Kg7 39. c4 Bd8 40. Nc6 Bc7 41. e5 f6 42. d6 Bb6 43. e6 Kf8 44. d7 1-0

[Event "BUL-ch sf (Women) 62nd"]
[Site "Plovdiv"]
[Date "2013.02.17"]
[Round "9"]
[White "Antova, Gabriela"]
[Black "Sirkova, Darena"]
[Result "0-1"]
[WhiteElo "1700"]
[BlackElo "1970"]
[PlyCount "68"]
[EventDate "2013.02.11"]
[EventType "tourn"]
[EventRounds "9"]
[EventCountry "BUL"]
[SourceTitle "CBM 152 Extra"]
[Source "ChessBase"]
[SourceDate "2013.02.25"]
[SourceVersion "1"]
[SourceVersionDate "2013.02.25"]
[SourceQuality "1"]

1. d4 Nf6 2. Nf3 c5 3. e3 e6 4. c4 b6 5. Nc3 cxd4 6. exd4 Bb7 7. Bd3 Be7 8. 0-0 0-0 9. h3 d5 10. Ne5 dxc4 11. Bxc4 Nc6 12. Nxc6 Bxc6 13. Bd3 Qd7 14. Bc2 Qb7 15. f3 Rad8 16. Kh1 Nh5 17. Ne2 e5 18. Qd3 g6 19. Bh6 Rfe8 20. Rad1 exd4 21. g4 Nf6 22. Kh2 a6 23. a4 Bc5 24. Ng3 Nd5 25. Ne4 Qc7+ 26. Kh1 Nb4 27. Nf6+ Kh8 28. Nxe8 Qg3 29. Bg7+ Kg8 30. Nf6+ Kxg7 31. Nh5+ gxh5 32. Qxh7+ Kf8 33. Qh8+ Ke7 34. Rfe1+ Kd7 0-1

[Event "BUL-ch sf (Women) 62nd"]
[Site "Plovdiv"]
[Date "2013.02.16"]
[Round "8"]
[White "Sirkova, Darena"]
[Black "Bureva, Radilena"]
[Result "1-0"]
[WhiteElo "1970"]
[BlackElo "1438"]
[PlyCount "40"]
[EventDate "2013.02.11"]
[EventType "tourn"]
[EventRounds "9"]
[EventCountry "BUL"]
[SourceTitle "CBM 152 Extra"]
[Source "ChessBase"]
[SourceDate "2013.02.25"]
[SourceVersion "1"]
[SourceVersionDate "2013.02.25"]
[SourceQuality "1"]

1. e4 c5 2. Nc3 d6 3. Nge2 Nf6 4. d4 cxd4 5. Nxd4 a6 6. Bg5 e6 7. Qd2 Nbd7 8. 0-0-0 b5 9. f4 Bb7 10. Bd3 Qc7 11. Rhe1 Nb6 12. e5 dxe5 13. fxe5 Nfd7 14. Qe2 Bb4 15. Nxe6 Qc6 16. Nxg7+ Kf8 17. Be4 Qc8 18. Qg4 Bxe4 19. Rxe4 Qc6 20. Rf1 Nc4 1-0

[Event "BUL-ch sf (Women) 62nd"]
[Site "Plovdiv"]
[Date "2013.02.13"]
[Round "4"]
[White "Salimova, Nurgyul"]
[Black "Sirkova, Darena"]
[Result "1-0"]
[WhiteElo "1780"]
[BlackElo "1970"]
[PlyCount "79"]
[EventDate "2013.02.11"]
[EventType "tourn"]
[EventRounds "9"]
[EventCountry "BUL"]
[SourceTitle "CBM 152 Extra"]
[Source "ChessBase"]
[SourceDate "2013.02.25"]
[SourceVersion "1"]
[SourceVersionDate "2013.02.25"]
[SourceQuality "1"]

1. d4 Nf6 2. c4 e5 3. dxe5 Ng4 4. Nf3 Bc5 5. e3 Nc6 6. Nc3 Ngxe5 7. Be2 0-0 8. 0-0 a5 9. b3 Ra6 10. Bb2 Nxf3+ 11. Bxf3 Ne5 12. Nd5 Re8 13. Nf4 Rh6 14. h3 Qg5 15. Bxe5 Rxe5 16. Nd3 Ree6 17. Nxc5 Qxc5 18. Qd5 Qe7 19. Qxa5 c6 20. Qc7 Qe8 21. Bg4 Reg6 22. Rfd1 Rxg4 23. hxg4 Rg6 24. Rd4 d6 25. Rxd6 Rxd6 26. Qxd6 Bxg4 27. Qf4 Bh5 28. g4 Bg6 29. Rd1 h6 30. Qd4 Kh7 31. f4 Bc2 32. Rd2 Bb1 33. Rb2 Be4 34. Qe5 Qxe5 35. fxe5 Bf3 36. Rf2 Bxg4 37. Rxf7 b5 38. Rf4 h5 39. Rxg4 hxg4 40. a4 1-0

[Event "BUL-ch op (Women)"]
[Site "Vratsa"]
[Date "2012.07.25"]
[Round "4"]
[White "Sirkova, Darena"]
[Black "Yordanova, Svetla"]
[Result "1/2-1/2"]
[WhiteElo "1985"]
[BlackElo "2111"]
[PlyCount "92"]
[EventDate "2012.07.23"]
[EventType "swiss"]
[EventRounds "9"]
[EventCountry "BUL"]
[SourceTitle "CBM 149 Extra"]
[Source "ChessBase"]
[SourceDate "2012.08.24"]
[SourceVersion "1"]
[SourceVersionDate "2012.08.24"]
[SourceQuality "1"]

1. e4 e6 2. d4 d5 3. Nc3 Nf6 4. Bg5 Be7 5. e5 Nfd7 6. Bxe7 Qxe7 7. Qd2 a6 8. Nd1 c5 9. c3 Nc6 10. Nf3 f6 11. exf6 Nxf6 12. Bd3 0-0 13. 0-0 e5 14. dxe5 Nxe5 15. Nxe5 Qxe5 16. Re1 Qh5 17. f3 Bd7 18. Ne3 Rad8 19. Nf1 Kh8 20. Ng3 Qf7 21. Re5 Rfe8 22. Rae1 g6 23. Qf4 Rxe5 24. Rxe5 Bc6 25. h4 Rf8 26. Qe3 Nd7 27. Re7 Qf4 28. Qxf4 Rxf4 29. h5 Nf8 30. Kf2 Rf6 31. hxg6 hxg6 32. c4 dxc4 33. Bxc4 b5 34. Bd3 c4 35. Be4 Bxe4 36. Nxe4 Rc6 37. Ng5 Kg8 38. Ne4 b4 39. Ke2 Ne6 40. Kd2 Nf4 41. g4 Nd5 42. Rd7 c3+ 43. Kc1 Nb6 44. Rd4 cxb2+ 45. Kxb2 a5 46. Kb3 Kf7 1/2-1/2

[Event "BUL-ch sf (Women) 61st"]
[Site "Plovdiv"]
[Date "2012.02.12"]
[Round "9"]
[White "Sirkova, Darena"]
[Black "Atanasova, Elitsa"]
[Result "1-0"]
[WhiteElo "2086"]
[BlackElo "1732"]
[PlyCount "105"]
[EventDate "2012.02.06"]
[EventType "tourn"]
[EventRounds "9"]
[EventCountry "BUL"]
[SourceTitle "CBM 146 Extra"]
[Source "ChessBase"]
[SourceDate "2012.02.29"]
[SourceVersion "1"]
[SourceVersionDate "2012.02.29"]
[SourceQuality "1"]

1. e4 c5 2. Nc3 d6 3. Nge2 Nf6 4. d4 cxd4 5. Nxd4 a6 6. Bc4 e6 7. Bb3 Be7 8. 0-0 0-0 9. Kh1 b5 10. f3 Bb7 11. Qe1 Nc6 12. Be3 Nxd4 13. Bxd4 e5 14. Be3 Qc7 15. Qf2 Rac8 16. Rfd1 Bc6 17. Rd2 Nd7 18. a3 Kh8 19. g4 Nc5 20. Ba2 Qb7 21. g5 f5 22. b4 Na4 23. Nd5 f4 24. Ba7 Ra8 25. Nxe7 Qxe7 26. Bb6 Nxb6 27. Qxb6 Rac8 28. Bb3 Rfd8 29. Rad1 g6 30. Qxa6 Qc7 31. Qa5 Qb7 32. Rxd6 Re8 33. Bd5 Bxd5 34. R1xd5 Rxc2 35. Rd7 Qb8 36. Ra7 Qc8 37. Qxb5 Rd2 38. Qxe8+ Qxe8 39. Rxd2 Qc8 40. Kg2 Kg8 41. b5 Qb8 42. Re7 Kf8 43. Rxh7 Kg8 44. Re7 Kf8 45. Re6 Qxb5 46. Rxg6 Qa5 47. Rgd6 Qxa3 48. h4 Qa1 49. Rd1 Qa2+ 50. R6d2 Qa6 51. Rd8+ Kf7 52. R1d7+ Kg6 53. Rd6+ 1-0

[Event "BUL-ch sf (Women) 61st"]
[Site "Plovdiv"]
[Date "2012.02.07"]
[Round "2"]
[White "Sirkova, Darena"]
[Black "Radeva, Viktoria"]
[Result "1-0"]
[WhiteElo "2086"]
[BlackElo "1760"]
[PlyCount "87"]
[EventDate "2012.02.06"]
[EventType "tourn"]
[EventRounds "9"]
[EventCountry "BUL"]
[SourceTitle "CBM 146 Extra"]
[Source "ChessBase"]
[SourceDate "2012.02.29"]
[SourceVersion "1"]
[SourceVersionDate "2012.02.29"]
[SourceQuality "1"]

1. b3 Nf6 2. Bb2 g6 3. e4 d6 4. f4 Bg7 5. Nf3 0-0 6. Qe2 Nc6 7. d3 Re8 8. e5 Nh5 9. g3 Bg4 10. Nbd2 Nb4 11. Kd1 a5 12. Bg2 b5 13. Kc1 c5 14. a3 Na6 15. Qf2 Rb8 16. h3 Bxf3 17. Bxf3 Qc7 18. Re1 a4 19. bxa4 bxa4 20. Nc4 Qd7 21. Qg2 Qc7 22. Rb1 Rec8 23. Qf2 Rd8 24. Qg2 Rdc8 25. Kd1 Rd8 26. Ke2 Bh6 27. Kf1 Ng7 28. Bd5 Qa7 29. Qf3 e6 30. Bc6 d5 31. Nd6 Nc7 32. g4 Nge8 33. Nb7 Rdc8 34. Bc3 Na6 35. Bd7 Rc7 36. Bxe8 Rxe8 37. Nd6 Rb8 38. Nb5 Rxb5 39. Rxb5 c4 40. d4 Bf8 41. Reb1 Bxa3 42. Ba5 Rd7 43. Qxa3 Qxd4 44. Rb8+ 1-0

[Event "BUL-ch (Women) 60th"]
[Site "Bankia"]
[Date "2011.04.21"]
[Round "11"]
[White "Sirkova, Darena"]
[Black "Videnova, Iva"]
[Result "0-1"]
[WhiteElo "2101"]
[BlackElo "2304"]
[PlyCount "62"]
[EventDate "2011.04.12"]
[EventType "tourn"]
[EventRounds "11"]
[EventCountry "BUL"]
[SourceTitle "CBM 141 Extra"]
[Source "ChessBase"]
[SourceDate "2011.05.03"]
[SourceVersion "1"]
[SourceVersionDate "2011.05.03"]
[SourceQuality "1"]

1. e4 c5 2. Nf3 d6 3. d4 cxd4 4. Nxd4 Nf6 5. Nc3 a6 6. Bc4 g6 7. f3 h5 8. Be3 Nbd7 9. Qe2 Bg7 10. Bxf7+ Kxf7 11. Ne6 Qa5 12. Qc4 Ne5 13. Ng5+ Ke8 14. Qb3 b5 15. 0-0 Bh6 16. Nd5 Nxd5 17. Qxd5 Bxg5 18. f4 Rb8 19. Bd4 Qc7 20. fxe5 Qc4 21. exd6 Qxd5 22. exd5 Rf8 23. Rfe1 Kd7 24. Re6 Bf6 25. Bc5 Rf7 26. Rae1 Ke8 27. R6e2 Bb7 28. dxe7 Bxd5 29. Rd2 Bb7 30. Re6 Rc8 31. Bd6 Rxc2 0-1

[Event "BUL-ch (Women) 60th"]
[Site "Bankia"]
[Date "2011.04.16"]
[Round "6"]
[White "Voiska, Margarita"]
[Black "Sirkova, Darena"]
[Result "1-0"]
[WhiteElo "2313"]
[BlackElo "2101"]
[PlyCount "45"]
[EventDate "2011.04.12"]
[EventType "tourn"]
[EventRounds "11"]
[EventCountry "BUL"]
[SourceTitle "CBM 141 Extra"]
[Source "ChessBase"]
[SourceDate "2011.05.03"]
[SourceVersion "1"]
[SourceVersionDate "2011.05.03"]
[SourceQuality "1"]

1. d4 Nf6 2. Nf3 e6 3. g3 b6 4. Bg2 Bb7 5. 0-0 Be7 6. c4 c5 7. d5 exd5 8. Nh4 0-0 9. Nc3 Na6 10. Nf5 Nc7 11. cxd5 d6 12. e4 b5 13. e5 Nfe8 14. Ne4 c4 15. Re1 Rb8 16. Nxe7+ Qxe7 17. exd6 Nxd6 18. Bg5 Qd7 19. Nxd6 Qxd6 20. Be7 Qb6 21. Bxf8 Kxf8 22. Qh5 h6 23. Qf5 1-0

[Event "BUL-ch U20 Girls"]
[Site "Shabla"]
[Date "2011.03.14"]
[Round "3.1"]
[White "Sirkova, Darena"]
[Black "Milanova, Maria"]
[Result "1-0"]
[WhiteElo "2101"]
[BlackElo "1889"]
[PlyCount "101"]
[EventDate "2011.03.12"]
[EventType "tourn"]
[EventRounds "5"]
[EventCountry "BUL"]
[SourceTitle "CBM 141 Extra"]
[Source "ChessBase"]
[SourceDate "2011.05.03"]
[SourceVersion "1"]
[SourceVersionDate "2011.05.03"]
[SourceQuality "1"]

1. e4 e5 2. Bc4 Nf6 3. Nc3 Bc5 4. d3 d6 5. Na4 Bb6 6. Nxb6 axb6 7. f4 Nc6 8. Nf3 exf4 9. Bxf4 Be6 10. Bxe6 fxe6 11. c3 e5 12. Bg3 Qe7 13. 0-0 0-0 14. Bh4 h6 15. Qd2 Qe6 16. b3 Ne7 17. Bxf6 Rxf6 18. Nh4 Raf8 19. g3 Qf7 20. Qe2 Rxf1+ 21. Rxf1 Qxf1+ 22. Qxf1 Rxf1+ 23. Kxf1 Kf7 24. h3 Kf6 25. a4 Nc6 26. Nf5 h5 27. Ke2 g6 28. Ne3 Ne7 29. b4 Ke6 30. Kf3 g5 31. h4 g4+ 32. Ke2 c6 33. Nc4 Nc8 34. a5 b5 35. Na3 Na7 36. d4 d5 37. Ke3 Nc8 38. dxe5 Kxe5 39. exd5 Kxd5 40. Kf4 Nd6 41. Kg5 Ke4 42. Kxh5 Kf3 43. Kg6 Ke4 44. h5 Nf5 45. c4 bxc4 46. Nxc4 Ne7+ 47. Kg5 Nf5 48. Kxg4 Nh6+ 49. Kg5 Ng8 50. Nd6+ Kd5 51. Nxb7 1-0

[Event "BUL-chB (Women) 60th"]
[Site "Plovdiv"]
[Date "2011.02.12"]
[Round "6"]
[White "Krumova, Ani"]
[Black "Sirkova, Darena"]
[Result "1/2-1/2"]
[WhiteElo "1885"]
[BlackElo "2102"]
[PlyCount "127"]
[EventDate "2011.02.07"]
[EventType "swiss"]
[EventRounds "7"]
[EventCountry "BUL"]
[SourceTitle "CBM 140 Extra"]
[Source "ChessBase"]
[SourceDate "2011.03.01"]
[SourceVersion "1"]
[SourceVersionDate "2011.03.01"]
[SourceQuality "1"]

1. e4 g6 2. d4 Bg7 3. Nc3 d6 4. Be3 Nd7 5. Bd3 Ngf6 6. f3 0-0 7. Nge2 a6 8. a4 c5 9. a5 Qc7 10. Ng3 h5 11. 0-0 e6 12. Na4 cxd4 13. Bxd4 e5 14. Be3 Nc5 15. Nb6 Rb8 16. Bc4 Be6 17. Qe2 h4 18. Nh1 Nh5 19. Rfd1 Nf4 20. Qf1 Rbd8 21. Nf2 Qe7 22. b4 Bxc4 23. Qxc4 Nce6 24. Ra3 Qg5 25. Ng4 Rfe8 26. g3 hxg3 27. hxg3 f5 28. exf5 gxf5 29. gxf4 exf4 30. Bxf4 Qxf4 31. Qxf4 Nxf4 32. Ne3 Ne2+ 33. Kf2 Nd4 34. f4 Re4 35. Nbd5 Rde8 36. Rg1 Kf7 37. Ra2 Ne6 38. Nxf5 Bf8 39. c3 Nxf4 40. Nfe3 Nh3+ 41. Kf1 Nxg1 42. Rf2+ Ke6 43. Kxg1 Be7 44. Rg2 Kd7 45. Rg7 Kc6 46. c4 Bd8 47. Kf2 Rxc4 48. Nxc4 Kxd5 49. Ne3+ Kc6 50. Ke2 b6 51. Kd3 bxa5 52. bxa5 Bxa5 53. Nc4 Bc7 54. Rg5 Rh8 55. Rg6 Rb8 56. Kc3 a5 57. Nb2 Rb4 58. Nc4 Kc5 59. Rg5+ d5 60. Ne3 Rd4 61. Nc2 Rc4+ 62. Kd3 Bf4 63. Rg8 Be5 64. Rc8+ 1/2-1/2

[Event "BUL-chB (Women) 60th"]
[Site "Plovdiv"]
[Date "2011.02.11"]
[Round "5"]
[White "Nestorova, Lozanka"]
[Black "Sirkova, Darena"]
[Result "0-1"]
[WhiteElo "2051"]
[BlackElo "2102"]
[PlyCount "86"]
[EventDate "2011.02.07"]
[EventType "swiss"]
[EventRounds "7"]
[EventCountry "BUL"]
[SourceTitle "CBM 140 Extra"]
[Source "ChessBase"]
[SourceDate "2011.03.01"]
[SourceVersion "1"]
[SourceVersionDate "2011.03.01"]
[SourceQuality "1"]

1. Nf3 Nf6 2. c4 e6 3. g3 d5 4. Bg2 d4 5. d3 c5 6. Nbd2 Nc6 7. 0-0 Be7 8. Ne1 h5 9. h4 Ne5 10. Ndf3 Neg4 11. Bg5 Nh7 12. Bxe7 Qxe7 13. Qd2 f6 14. Nc2 a5 15. b3 Kf7 16. a3 Ra7 17. b4 b6 18. bxc5 bxc5 19. Rab1 a4 20. Rb6 Bb7 21. Rfb1 Ba8 22. R6b5 Qc7 23. e3 dxe3 24. Nxe3 Rd8 25. Qe2 Qd6 26. Ne1 Bxg2 27. Kxg2 f5 28. f4 Qd4 29. N3c2 Qd6 30. Rb6 Qe7 31. Qf3 Rdd7 32. Qc6 Rac7 33. Qxa4 e5 34. Qa8 exf4 35. Qf3 fxg3 36. Qxf5+ Nhf6 37. Qf3 Ne5 38. Qe2 Nxd3 39. Qxe7+ Kxe7 40. Kxg3 Ne4+ 41. Kg2 Nd2 42. Rd1 Nxc4 43. Nf3 Nxb6 0-1

[Event "BUL-chB (Women) 60th"]
[Site "Plovdiv"]
[Date "2011.02.08"]
[Round "2"]
[White "Milanova, Maria"]
[Black "Sirkova, Darena"]
[Result "0-1"]
[WhiteElo "1915"]
[BlackElo "2102"]
[PlyCount "74"]
[EventDate "2011.02.07"]
[EventType "swiss"]
[EventRounds "7"]
[EventCountry "BUL"]
[SourceTitle "CBM 140 Extra"]
[Source "ChessBase"]
[SourceDate "2011.03.01"]
[SourceVersion "1"]
[SourceVersionDate "2011.03.01"]
[SourceQuality "1"]

1. e4 c5 2. Nf3 Nc6 3. g3 d6 4. Bg2 g6 5. 0-0 Bg7 6. c3 e5 7. d3 Nge7 8. a3 0-0 9. b4 b6 10. Nbd2 h6 11. b5 Na5 12. Ne1 Be6 13. c4 Qd7 14. Nc2 Bh3 15. Ra2 Bxg2 16. Kxg2 f5 17. exf5 gxf5 18. f4 Kh7 19. Ne3 exf4 20. Rxf4 Be5 21. Rf3 d5 22. Nb3 Nxb3 23. Qxb3 d4 24. Nf1 Ng6 25. Raf2 f4 26. Qd1 Rg8 27. Kh1 Qb7 28. Qe2 Rae8 29. Qe4 Qd7 30. Qc6 Qg4 31. Qd5 Nh4 32. Rxf4 Bxf4 33. Rxf4 Re1 34. Qf7+ Rg7 35. Qf6 Qe2 36. Qxh6+ Kxh6 37. Rf6+ Kh7 0-1

[Event "Sofia MGU op 23rd"]
[Site "Sofia"]
[Date "2011.01.22"]
[Round "2"]
[White "Mladenov, Andrey"]
[Black "Sirkova, Darena"]
[Result "1-0"]
[WhiteElo "1890"]
[BlackElo "2102"]
[PlyCount "109"]
[EventDate "2011.01.22"]
[EventType "swiss"]
[EventRounds "6"]
[EventCountry "BUL"]
[SourceTitle "CBM 140 Extra"]
[Source "ChessBase"]
[SourceDate "2011.03.01"]
[SourceVersion "1"]
[SourceVersionDate "2011.03.01"]
[SourceQuality "1"]

1. e4 c5 2. Nf3 e6 3. d4 cxd4 4. Nxd4 a6 5. c4 Nf6 6. Nc3 d6 7. Be2 Be7 8. 0-0 0-0 9. Be3 b6 10. f4 Bb7 11. Bf3 Nbd7 12. Rc1 Rc8 13. Qe2 Rc7 14. f5 e5 15. Nb3 Qa8 16. Nd5 Bxd5 17. cxd5 Rxc1 18. Rxc1 Rc8 19. Qd2 Bd8 20. Rc3 b5 21. Qc2 Rxc3 22. Qxc3 Bb6 23. Bxb6 Nxb6 24. Na5 Na4 25. Qb4 Qa7+ 26. Kf1 Qc5 27. Qxc5 Nxc5 28. Nc6 Nfxe4 29. b4 Nd2+ 30. Ke2 Nxf3 31. bxc5 Ng1+ 32. Kf2 Kf8 33. cxd6 Ke8 34. Nxe5 f6 35. d7+ Kd8 36. Nc6+ Kxd7 37. Kxg1 Kd6 38. Kf2 Kxd5 39. Nb4+ Ke4 40. Nxa6 Kxf5 41. a3 Ke5 42. Nc7 b4 43. axb4 Kd6 44. Na6 Kc6 45. Ke3 Kb5 46. Nc7+ Kxb4 47. Ne8 Kc5 48. Nxg7 Kd5 49. Kf4 Kd4 50. Kf5 Ke3 51. g4 Kf3 52. h4 Kg3 53. h5 Kh4 54. h6 Kg3 55. Nh5+ 1-0